Текст томруулах:    
Open education, experiments and experiences in Asia and Oceania (Бичлэгийн дугаар. 146101)
000 -УДИРДЛАГА
Удирдлага 00947nam a22002657a 4500
003 - ХЯНАЛТЫН ТОО ТОДОРХОЙЛОГЧ
Код MN-UlNUM
005 - БИЧИЛТ ХИЙСЭН ОГНОО
Тухайн бичилтийг бичсэн засварласан сүүлийн огноо 20260106162704.0
008 - ЕРӨНХИЙ МЭДЭЭЛЭЛ
Ерөнхий мэдээлэл 260106s1978 th af|b| i||| 00| 0 eng |
040 ## - БИЧЛЭГ ҮҮСГЭГЧ БАЙГУУЛЛАГА
Бичлэг үүсгэгч номын сангийн код МУИС-ийн номын сан
084 ## - ББК АНГИЛАЛ
Нэмэлт тусгалт Бусад
ББК ангилал 74.04
Зохиогчийн гурван тэмдэгт O 63
Мэдлэгийн ялгаа 74 - Боловсрол
245 00 - ҮНДСЭН ГАРЧИГ
Номын нэр Open education, experiments and experiences in Asia and Oceania
260 ## - ГАРАЛТЫН МЭДЭЭ
Хэвлэгдсэн газар Bangkok :
Хэвлэлийн газар Unesco Regional Office for Education in Asia and Oceania,
Хэвлэгдсэн он 1978.
300 ## - МАТЕРИАЛЫН ТОДОРХОЙЛОЛТ
хуудасны тоо viii, 220 p. [5] leaves of plates :
Бусад тоон мэдээлэл ill. ;
Хэмжээ 25 cm.
490 ## - БОТЬ / ЦУВРАЛЫН ТУХАЙ МЭДЭЭ
Боть / цувралын зохиогч Bulletin of the Unesco Regional Office for Education in Asia and Oceania ; no. 19
500 ## - Тайлбар
Дансны дугаар БС 4792
546 ## - ХЭЛНИЙ ТУХАЙ МЭДЭЭ
Хэл Англи хэл дээр,
653 ## - Түлхүүр үг
Түлхүүр үг open plan schools
740 ## - НОМЫН ГАРЧИГ
Гарчиг Open education in the region of Asia and Oceania
740 ## - НОМЫН ГАРЧИГ
Гарчиг Experiences in countries of the region
740 ## - НОМЫН ГАРЧИГ
Гарчиг Aspects of open education in the region
740 ## - НОМЫН ГАРЧИГ
Гарчиг Bibliographical supplement
942 ## - ЭЛЕМЕНТИЙН ТӨРӨЛ
Зүйлийн төрөл Ном